[Event "Lindores Abbey Blitz Tal Memorial"]
[Site "Riga"]
[Date "2021.11.08"]
[Round "8.60"]
[White "Atalik, Ekaterina"]
[Black "Martynov, Alexander A"]
[Result "1/2-1/2"]
[WhiteElo "2228"]
[BlackElo "2019"]
[PlyCount "150"]
[EventDate "2021.11.08"]
[EventType "swiss (blitz)"]
[EventRounds "18"]
[EventCountry "LAT"]
[SourceTitle "CBM 205 Extra"]
[Source "ChessBase"]
[SourceDate "2022.01.31"]
[SourceVersion "1"]
[SourceVersionDate "2022.01.31"]
[SourceQuality "1"]

1. Nf3 Nf6 2. g3 b6 3. Bg2 Bb7 4. 0-0 e6 5. c4 Be7 6. b3 0-0 7. Bb2 c5 8. d3 Nc6 9. Nc3 d5 10. cxd5 Nxd5 11. Nxd5 Qxd5 12. Qc2 Rfd8 13. Qc4 Qxc4 14. bxc4 Bf6 15. Bxf6 gxf6 16. a4 Na5 17. Nd2 Bxg2 18. Kxg2 Kf8 19. Rfb1 Ke7 20. Nb3 Nc6 21. a5 Nb4 22. Nd2 Rab8 23. Kf1 f5 24. axb6 axb6 25. Ra7+ Rd7 26. Rba1 Nc6 27. Rxd7+ Kxd7 28. Nb1 b5 29. cxb5 Rxb5 30. Nd2 Ra5 31. Rc1 Rb5 32. Nc4 f6 33. Ra1 Rb8 34. f4 h5 35. Kf2 e5 36. Rc1 Rb5 37. Ra1 Rb8 38. Ne3 Ke6 39. Ra6 Rc8 40. Nc4 Rc7 41. Ke3 Kf7 42. fxe5 Nxe5 43. Nxe5+ fxe5 44. Rh6 Kg7 45. Rxh5 Kg6 46. Rh8 c4 47. dxc4 Rxc4 48. Re8 Kf6 49. Ra8 Rc3+ 50. Kf2 Rc2 51. h4 Kg6 52. Rg8+ Kf6 53. g4 fxg4 54. Rxg4 Kf5 55. Rg1 Rc7 56. h5 Rh7 57. Rh1 Kg4 58. Ke3 Kf5 59. h6 e4 60. Rh2 Ke5 61. Rh5+ Kf6 62. Kxe4 Kg6 63. Rh1 Re7+ 64. Kf3 Rf7+ 65. Kg2 Re7 66. Kf2 Rf7+ 67. Ke1 Ra7 68. Rh2 Kh7 69. e3 Ra1+ 70. Kf2 Ra2+ 71. Kg3 Rxh2 72. Kxh2 Kxh6 73. Kg2 Kg6 74. Kf2 Kf6 75. Ke2 Ke6 1/2-1/2

[Event "Lindores Abbey Blitz Tal Memorial"]
[Site "Riga"]
[Date "2021.11.08"]
[Round "5.60"]
[White "Girya, Olga"]
[Black "Martynov, Alexander A"]
[Result "1/2-1/2"]
[WhiteElo "2258"]
[BlackElo "2019"]
[PlyCount "129"]
[EventDate "2021.11.08"]
[EventType "swiss (blitz)"]
[EventRounds "18"]
[EventCountry "LAT"]
[SourceTitle "CBM 205 Extra"]
[Source "ChessBase"]
[SourceDate "2022.01.31"]
[SourceVersion "1"]
[SourceVersionDate "2022.01.31"]
[SourceQuality "1"]

1. d4 Nf6 2. c4 e6 3. Nf3 b6 4. g3 Bb7 5. Bg2 Be7 6. 0-0 0-0 7. Nc3 Ne4 8. Bd2 Nxd2 9. Qxd2 d6 10. e4 Nd7 11. Rad1 a6 12. a3 h6 13. Rfe1 Re8 14. Qc2 Nf8 15. e5 Rb8 16. Nd2 Bxg2 17. Kxg2 Qc8 18. Qe4 dxe5 19. dxe5 b5 20. cxb5 axb5 21. b4 c5 22. Rc1 Qa6 23. Nb3 Qxa3 24. Nxc5 Bxc5 25. bxc5 Qxc5 26. Red1 Qb6 27. Rb1 b4 28. Rd6 Qa5 29. Ne2 Ng6 30. f4 Ne7 31. Rd2 Nd5 32. Rbb2 Rec8 33. Nd4 Nc3 34. Qf3 Qc5 35. Nb3 Qc7 36. Nd4 Nd5 37. Rb3 Qb7 38. Rdb2 Rc3 39. Rxc3 Nxc3 40. Nc6 Rc8 41. Nxb4 Qxf3+ 42. Kxf3 Nd5 43. Nxd5 exd5 44. Rd2 Rd8 45. Rd4 Kf8 46. f5 Ke7 47. Kf4 Rd7 48. Ra4 Rc7 49. Rd4 Rd7 50. g4 Kd8 51. e6 fxe6 52. fxe6 Rd6 53. Ke5 Ke7 54. Rxd5 Rxe6+ 55. Kf5 Rf6+ 56. Ke5 Re6+ 57. Kf4 Rf6+ 58. Rf5 Rg6 59. h4 Rc6 60. Re5+ Kf6 61. Re4 Kg6 62. Rd4 Kf6 63. Re4 Kg6 64. h5+ Kf6 65. Rd4 1/2-1/2

[Event "Lindores Abbey Blitz Tal Memorial"]
[Site "Riga"]
[Date "2021.11.08"]
[Round "4.58"]
[White "Martynov, Alexander A"]
[Black "Rakotomaharo, Fy Antenaina"]
[Result "0-1"]
[WhiteElo "2019"]
[BlackElo "2391"]
[PlyCount "106"]
[EventDate "2021.11.08"]
[EventType "swiss (blitz)"]
[EventRounds "18"]
[EventCountry "LAT"]
[SourceTitle "CBM 205 Extra"]
[Source "ChessBase"]
[SourceDate "2022.01.31"]
[SourceVersion "1"]
[SourceVersionDate "2022.01.31"]
[SourceQuality "1"]

1. d4 Nf6 2. Nf3 g6 3. g3 Bg7 4. Bg2 d5 5. 0-0 0-0 6. Re1 a5 7. c3 a4 8. a3 Bf5 9. Nbd2 c6 10. Ne5 Nbd7 11. Nxd7 Qxd7 12. e4 dxe4 13. Nxe4 Nxe4 14. Bxe4 Be6 15. Be3 Bb3 16. Bc2 Bxc2 17. Qxc2 h5 18. h4 Rfe8 19. Rad1 Qg4 20. Bf4 Bf6 21. Qe2 Qf5 22. Qe4 Qb5 23. Rd2 Rad8 24. Qe2 Qb3 25. Be5 Bxe5 26. Qxe5 Rd5 27. Qc7 Kf8 28. Rde2 e6 29. Qf4 Rf5 30. Qd6+ Kg8 31. Qd7 Rf8 32. Kg2 Qd5+ 33. Qxd5 Rxd5 34. Re5 Ra8 35. Rxd5 cxd5 36. Kf3 Kf8 37. g4 hxg4+ 38. Kxg4 Ke7 39. Re2 Rh8 40. f3 Kd6 41. Kg5 Rh5+ 42. Kg4 Kc6 43. Re5 Rh8 44. h5 gxh5+ 45. Rxh5 Rg8+ 46. Rg5 Rf8 47. Kf4 Kd6 48. Rg7 Ke7 49. Ke5 Rh8 50. Rg2 Rh4 51. Rg7 Rh2 52. f4 Rh5+ 53. Rg5 f6# 0-1